[Event "AUT Bundesliga 2021-22"]
[Site "Graz"]
[Date "2022.03.26"]
[Round "8.35"]
[White "Gschnitzer, Adrian"]
[Black "Acs, Peter"]
[Result "1-0"]
[WhiteElo "2422"]
[BlackElo "2591"]
[Annotator "TA"]
[PlyCount "131"]
[EventDate "2021.01.17"]
[EventType "team-tourn"]
[EventCountry "AUT"]
[SourceTitle "playchess.com"]
[Source "ChessBase"]
[SourceQuality "1"]

{[%evp 30,131,37,20,58,64,63,67,67,54,53,67,51,43,47,55,67,-19,-27,-34,-43,-65,-33,-34,-25,-24,-35,-41,-24,-48,-45,-45,-49,-72,-71,-71,-60,-95,-57,-55,-36,-32,0,0,0,0,0,0,0,0,98,98,93,93,94,94,97,62,62,62,132,62,62,0,0,0,0,0,0,0,8,0,0,0,0,0,5513,2296,29970,29971,29966,5202,29972,29973,29973,29971,29975,29976,29976,0,0,0,0,0,29976,29977,29977,29978,29978,29979,29979,29979,29977,5189]} 1. e4 c5 2. Nf3 d6 3. d4 cxd4 4. Nxd4 Nf6 5. Nc3 Nc6 6. Bg5 e6 7. Qd2 a6 8. O-O-O Bd7 9. f4 Be7 10. Nf3 b5 11. Bxf6 gxf6 12. Kb1 Qb6 13. f5 O-O-O 14. g3 Kb8 15. fxe6 fxe6 16. Bh3 Bc8 {B69: Sicilian: Richter-Rauzer: 7...a6 8 0-0-0 Bd7 9 f4 Be7 10 Nf3 b5 11 Bxf6.} 17. Qh6 Qc5 18. Rhe1 Rhf8 {White is slightly better.} 19. Ne2 {White is more active.} (19. Qxh7 $2 Rh8 20. Qg7 Rxh3 $19) 19... d5 20. exd5 (20. Qxh7 $2 Rh8 21. Qg7 Rdg8 $19) 20... Rxd5 21. Rxd5 (21. Qxh7 $2 Rh5 22. Qg6 Rxh3 $19) 21... Qxd5 22. Bg2 {[#]} Rd8 $146 ({Predecessor:} 22... Rf7 23. Nf4 Qd6 24. Qh5 Rg7 25. Nd3 Bf8 26. Nh4 Nb4 27. Nxb4 Qxb4 28. c3 Qc5 29. Qf3 f5 30. Qa8+ Kc7 31. Bf3 Be7 32. Ng2 {½-½ (32) Kuitert,C (2102)-Zimmermann,F (2167) ICCF email 2017}) 23. Nc3 (23. Qxh7 $14 Qc4 24. Nc1) 23... Qc5 $11 24. Ne4 {Inhibits Qf2.} Qb6 25. g4 (25. Qxh7 $2 f5 26. c3 fxe4 27. Qxe4 Rd6 $19) (25. Nxf6 $2 Qf2 26. Bh1 Bxf6 $19) 25... Nb4 26. Qxh7 Nd5 {[%cal Bb4d5,Bd5f4,Bf4g2][%mdl 32]} 27. Qh4 e5 28. Qg3 Nf4 29. g5 Nxg2 30. Qxg2 f5 31. Nxe5 {[%cal Oe4f6] Nf6! is the strong threat.} fxe4 32. Qxe4 Bb7 {Inhibits Nc6+.} 33. Nc6+ {[%mdl 64] Discovered Attack} Bxc6 34. Qxe7 Qd4 {[%cal Od4d1] ( -> ...Qd1+!)} 35. a3 $1 Re8 36. Qb4 Rxe1+ 37. Qxe1 Be4 38. g6 {[%cal Og6g7]} Qc4 39. Qf2 Bd5 (39... Qd5 $11) 40. Qb6+ $16 {[%mdl 1024] White has strong compensation.} Bb7 ({Much weaker is} 40... Kc8 $6 41. Qxa6+ (41. b3 Qc6 $16) 41... Bb7 42. Qd6 Qf1+ 43. Ka2 Qc4+ 44. Kb1 Qf1+ 45. Ka2 Qc4+ 46. Kb1 $11) 41. b3 Qf1+ 42. Kb2 $1 Qf4 43. h4 Qe5+ 44. Ka2 Qc3 {[#]} ({Black should try} 44... Kc8 $14) 45. Qd6+ ({White has to play} 45. Qf2 $1 $16 {Hoping for h5.} Kc7 46. h5) 45... Ka7 $14 46. Qd3 (46. Kb1 $14 Qe1+ 47. Ka2 (47. Kb2 Qxh4 48. Qc5+ Kb8 $16)) 46... Qxd3 $1 $11 47. cxd3 {[%mdl 4096] Endgame KB-KP} Bf3 48. Kb2 Kb6 49. Kc3 Kc5 50. b4+ Kd6 51. g7 Bd5 52. Kd4 Bg8 $2 {[%mdl 8192]} (52... Bf7 $11) 53. h5 $18 {[%cal Bh4h5,Bh5h6][%mdl 32]} Bh7 54. h6 Bg8 55. Ke4 {White threatens Kf5 and mate.} Ke6 56. d4 Bh7+ 57. Kf4 Kd6 {[#]} 58. Kg5 $1 Ke7 59. Kg4 Ke6 60. Kf4 Kd6 $1 61. Kg5 Ke7 62. d5 {White mates.} Kf7 63. d6 Ke6 64. g8=Q+ {[%mdl 64] Deflection, Promotion} Bxg8 65. Kg6 Kxd6 66. Kg7 {Weighted Error Value: White=0.18 (very precise) /Black=0.27 (precise)} 1-0

[Event "AUT Bundesliga 2021-22"]
[Site "Graz"]
[Date "2022.03.26"]
[Round "8.36"]
[White "Schlosser, Philipp"]
[Black "Mesaros, Florian"]
[Result "0-1"]
[WhiteElo "2512"]
[BlackElo "2419"]
[Annotator "TA"]
[PlyCount "98"]
[EventDate "2021.01.17"]
[EventType "team-tourn"]
[EventCountry "AUT"]
[SourceTitle "playchess.com"]
[Source "ChessBase"]
[SourceQuality "1"]

{[%evp 9,97,3,5,14,14,4,9,-1,13,-22,5,-14,0,-46,0,-4,14,0,22,15,17,6,89,96,101,94,87,79,75,54,64,0,0,14,71,66,114,58,51,46,99,96,104,85,120,25,131,17,145,129,114,124,187,62,57,62,75,70,114,138,203,170,173,142,150,129,244,252,370,388,392,396,375,113,181,-1800,-1672,-29983,-29984,-29992,-29993,-29994,-29995,-29995,-29996,-29997,-29998,-29998,-29999,-29999]} 1. Nf3 d5 2. e3 c5 3. b3 Nf6 4. Bb2 e6 5. g3 Nc6 6. Bg2 {A06: Réti Opening: 1 Nf3 d5.} Bd6 7. c4 e5 8. cxd5 {The position is equal.} Nxd5 9. O-O (9. Nc3 $5 {[%cal Rc3d5]} Nxc3 10. dxc3 $11) 9... O-O (9... Bg4 $5 {[%cal Re5e4]}) 10. d3 (10. Nc3 $5 {[%cal Rc3d5]} Ndb4 11. Ne1 $11) 10... Bg4 {[#]} 11. a3 $146 (11. h3 $11 Be6 12. Nbd2) ({Predecessor:} 11. h3 Bh5 12. Na3 Ndb4 13. Qe2 Qe7 14. Rfd1 Rad8 15. Bc3 Nxd3 16. e4 Ndb4 17. g4 {½-½ (74) Hofer,F (2079)-Kreie,G (1968) Seefeld 2005}) 11... Qe7 (11... Qd7 $15) 12. Nbd2 $11 Rad8 13. Qc2 Kh8 14. Ne4 Nc7 $1 15. h3 Bh5 (15... Bf5 $11 {remains equal.}) 16. Nh4 $1 $16 (16. g4 Bg6 $14) 16... Bg6 {Inhibits Nf5.} 17. Nxg6+ hxg6 18. Nxd6 Qxd6 19. Rad1 f5 20. f4 (20. Qe2 $14) 20... Nd5 21. Qf2 {White wants to play fxe5.} Qe7 (21... Kg8 $11 {keeps the balance.}) 22. Rfe1 Kh7 (22... Kg8 $14 {should be considered.}) 23. fxe5 (23. e4 $16 fxe4 24. Rxe4 (24. dxe4 Nc7 $11)) 23... Nxe5 $14 24. d4 Nc6 (24... Nf7 $14) 25. dxc5 $16 Qxc5 26. g4 fxg4 27. Qh4+ Kg8 {Dancing on a razor blade.} 28. b4 (28. hxg4 $2 Nxe3 29. Rxd8 Nxd8 $19) (28. Qg5 $1 $16 Rf5 29. Qxg6 (29. Bxd5+ Rfxd5 30. Qxg6 Qe7 $17)) 28... Qc4 (28... Qc2 $1 $11 29. Rxd5 (29. Bxd5+ Rxd5 30. Rxd5 Qxb2 $11) 29... Qxb2) 29. Qxg4 ({Don't do} 29. hxg4 $6 Qb3 $14) 29... Qxg4 30. hxg4 $40 {[%mdl 128] White goes for the king.} Nf6 (30... Nb6 $16) 31. Bf3 (31. g5 $1 $18 {[%cal Rg5f6]} Nh5 32. Rxd8 Rxd8 33. Bf3) 31... Rde8 $1 $14 32. Kg2 Ne5 33. Bxb7 Nexg4 ({Black should try} 33... Rf7 $1 $14 34. Bxe5 Rxb7) 34. Bd4 $16 g5 (34... Re7 $16) 35. Bf3 (35. Bxa7 Rf7 36. Bc6 Rc8 $17) 35... Rf7 36. Bc6 Rc8 37. Ba4 {Black must now prevent Bb3.} Rfc7 (37... Re7 $16 38. Bc5 Rec7) 38. e4 $18 {[%cal Be3e4,Be4e5][%mdl 32] And now e5 would win.} Kh7 (38... Rc3 {was necessary.} 39. Bxc3 Rxc3 40. Rd8+ Kh7) 39. e5 Nd5 40. e6 Kg6 41. Bd7 $2 {A strong pair of Bishops.} (41. Kf3 $18 {and White stays clearly on top.} Nh6 42. Be5) 41... Rc2+ (41... Rh8 $16 {keeps fighting.}) 42. Kg3 $4 {[%mdl 8192] [#]} (42. Kf3 $18 Rf8+ 43. Ke4 (43. Kxg4 $2 {gets mated.} Rg2+ 44. Kh3 Nf4#)) 42... R8c3+ $1 $19 {[%mdl 512]} 43. Bxc3 (43. Re3 Ngxe3) 43... Rxc3+ {Black mates.} 44. Kg2 {[#]} Nf4+ $1 ({Not} 44... Nge3+ 45. Kg1 Nxd1 46. Rxd1 $11) 45. Kg1 Rg3+ 46. Kf1 Rg2 {[%cal Rg4h2]} 47. Re4 {[#]} Rf2+ $1 48. Kg1 Nh3+ 49. Kh1 Rh2# {Black used his chance.  Weighted Error Value: White=0.37/Black=0.27 (precise)} 0-1

[Event "AUT Bundesliga 2021-22"]
[Site "Graz"]
[Date "2022.04.21"]
[Round "9.1"]
[White "Bluebaum, Matthias"]
[Black "Rozentalis, Eduardas"]
[Result "1-0"]
[WhiteElo "2642"]
[BlackElo "2542"]
[Annotator "TA"]
[PlyCount "97"]
[EventDate "2021.01.17"]
[EventType "team-tourn"]
[EventCountry "AUT"]
[SourceTitle "playchess.com"]
[Source "ChessBase"]
[SourceQuality "1"]
[TimeControl "40/5400+30:1800+30"]

{[%evp 13,97,10,23,10,22,28,28,11,17,14,14,9,9,10,10,12,12,13,11,12,10,15,15,21,0,8,45,53,44,53,91,95,92,89,90,112,92,92,106,95,107,89,91,95,100,97,122,106,124,124,130,123,125,128,120,118,176,178,175,147,181,191,181,175,300,317,288,300,301,360,550,328,737,698,1278,1278,739,1139,468,229,29975,29976,29976,29976,29975,29976]} 1. d4 {[%emt 0:00:03]} Nf6 {[%emt 0:00:10]} 2. c4 {[%emt 0:00:06]} e6 {[%emt 0:00:05]} 3. Nc3 {[%emt 0:00:10]} Bb4 {[%emt 0:00:12]} 4. e3 {[%emt 0:00:15]} O-O {[%emt 0:00:33]} 5. Bd3 {[%emt 0:00:33]} d5 {[%emt 0:01:06]} 6. a3 {[%emt 0:00:55]} Bxc3+ {[%emt 0:01:08]} 7. bxc3 {[%emt 0:00:04]} c6 {[%emt 0:00:20][%cal Oe6e5]} 8. Ne2 {[%emt 0:01:58] 8.Nf3 is vanishing. E49: Nimzo-Indian: Rubinstein: 5 Bd3 d5 6 a3 Bxc3+ 7 bxc3.} b6 {[%emt 0:00:13]} 9. cxd5 {[%emt 0:01:31]} cxd5 {[%emt 0:00:12]} 10. c4 {[%emt 0:00:31] White has an edge.} Ba6 {[%emt 0:02:03]} 11. cxd5 $1 {[%emt 0:00:19]} Qxd5 {[%emt 0:01:14]} 12. f3 {[%emt 0:05:16]} Bxd3 {[%emt 0:08:18]} 13. Qxd3 {[%emt 0:01:07]} Rc8 {[%emt 0:00:08][%cal Bf8c8,Bc8c4,Bc4a4][%mdl 32] [#]} 14. e4 $146 {[%emt 0:05:10]} ({Predecessor:} 14. Bb2 Nbd7 15. e4 Ne5 16. Qd1 Qa5+ 17. Kf2 Nc4 18. Bc3 Qg5 19. Qd3 Nd7 20. a4 {½-½ (27) Peralta,F (2556)-Satyapragyan,S (2392) Barcelona 2015}) 14... Qc4 {[%emt 0:00:22]} 15. Qxc4 {[%emt 0:06:39]} Rxc4 {[%emt 0:00:16]} 16. Be3 {[%emt 0:00:36]} Nc6 {[%emt 0:02:08]} 17. Kd2 {[%emt 0:04:40]} b5 {[%emt 0:17:01]} 18. Rac1 {[%emt 0:16:24] White wants to play Rxc4.} Na5 {[%emt 0:00:40] Hoping for ...Nb3+.} 19. Kd3 {[%emt 0:00:06]} Ra4 {[%emt 0:06:19]} 20. Nc3 {[%emt 0:06:38][%csl LRa4,LRb5]} Rxa3 {[%emt 0:02:20] Threatens to win with ...b4.} 21. Ra1 {[%emt 0:00:04]} Rb3 {[%emt 0:07:43][%cal Oa8c8]} 22. Rxa5 {[%emt 0:03:20]} b4 {[%emt 0:00:23][%mdl 64] [#] Pin} 23. Rc1 $1 {[%emt 0:05:12]} Rxc3+ {[%emt 0:08:03]} (23... Kf8 24. Bd2) 24. Rxc3 {[%emt 0:00:06]} bxc3 {[%emt 0:00:04]} 25. Kxc3 $16 {[%emt 0:01:46][%mdl 4096] Endgame KRB-KRN} Kf8 {[%emt 0:01:16]} 26. Ra6 {[%emt 0:04:51]} Ke7 {[%emt 0:11:13]} 27. Bf4 {[%emt 0:00:32]} Ne8 {[%emt 0:00:35]} 28. d5 {[%emt 0:05:32]} exd5 {[%emt 0:02:08]} 29. exd5 {[%emt 0:00:01]} Kd7 {[%emt 0:04:01]} 30. Kc4 {[%emt 0:01:36] &Bianco is much more active.} Nc7 {[%emt 0:02:45]} 31. Rd6+ {[%emt 0:03:12]} Ke7 {[%emt 0:01:35]} 32. Rc6 {[%emt 0:00:11]} Ne8 {[%emt 0:00:16] [#]} 33. Ra6 $1 {[%emt 0:00:33]} Kd7 {[%emt 0:00:26]} 34. g4 {[%emt 0:02:54]} Rc8+ {[%emt 0:04:03]} (34... Kc8 $16 {was necessary.} 35. g5 Kb7) 35. Kd4 $18 {[%emt 0:02:50]} Ra8 {[%emt 0:00:06]} 36. h4 {[%emt 0:03:36]} Nc7 {[%emt 0:00:29] [#]} 37. Rd6+ {[%emt 0:01:35]} Ke7 {[%emt 0:00:21] And now ...Nb5+ would win.} 38. Rc6 {[%emt 0:00:34]} Nb5+ {[%emt 0:00:13]} (38... Ne8 $142 39. Ra6 Kd7) 39. Kc5 {[%emt 0:03:22]} a6 {[%emt 0:00:46]} 40. g5 {[%emt 0:00:00] Inhibits h6.} Kd7 {[%emt 0:00:00]} 41. Be5 {[%emt 0:06:57]} g6 {[%emt 0:06:06]} (41... Rc8 $142 42. Kb6 (42. Bxg7 Na7 $18) 42... Rxc6+ 43. dxc6+ Kc8 44. Bxg7 Nd6) 42. Rf6 {[%emt 0:01:21]} Ke8 {[%emt 0:00:38]} (42... Ke7 43. Rb6 Ke8) 43. Kb4 {[%emt 0:03:37]} Rd8 {[%emt 0:07:13]} 44. Rxa6 {[%emt 0:02:11]} Rxd5 {[%emt 0:01:34]} 45. f4 {[%emt 0:00:05]} Nd4 {[%emt 0:01:08]} 46. Kc4 {[%emt 0:00:15][%csl LRd4,LRd5]} Nc2 $2 {[%emt 0:00:27]} (46... Rxe5 $18 47. fxe5 Nf5) 47. Kxd5 {[%emt 0:01:09] White mates.} Nb4+ {[%emt 0:00:04]} 48. Kc5 {[%emt 0:00:03]} Nxa6+ {[%emt 0:00:07]} 49. Kb5 {Weighted Error Value: White=0.01 (flawless) /Black=0.37} 1-0

[Event "AUT Bundesliga 2021-22"]
[Site "Graz"]
[Date "2022.04.21"]
[Round "9.2"]
[White "Atlas, Valery"]
[Black "Nisipeanu, Liviu-Dieter"]
[Result "1/2-1/2"]
[WhiteElo "2423"]
[BlackElo "2652"]
[Annotator "TA"]
[PlyCount "74"]
[EventDate "2021.01.17"]
[EventType "team-tourn"]
[EventCountry "AUT"]
[SourceTitle "playchess.com"]
[Source "ChessBase"]
[SourceQuality "1"]
[TimeControl "40/5400+30:1800+30"]

{[%evp 15,74,0,11,0,6,-3,-6,-27,4,14,19,-20,-26,-5,78,-48,-44,-43,0,0,0,0,0,0,0,0,16,-18,0,-31,51,-13,-14,-20,-19,-8,31,40,41,46,97,20,20,0,0,-55,-62,-67,-69,-74,-76,-82,-88,-80,0,0,0,0,0,0,0]} 1. e4 {[%emt 0:00:02]} e6 {[%emt 0:00:17]} 2. d4 {[%emt 0:00:09]} d5 {[%emt 0:00:04]} 3. Nc3 {[%emt 0:00:06]} Nf6 {[%emt 0:00:05]} 4. e5 {[%emt 0:00:06]} Nfd7 {[%emt 0:00:03]} 5. f4 {[%emt 0:00:09]} c5 {[%emt 0:00:17]} 6. Nce2 {[%emt 0:00:09]} Nc6 {[%emt 0:00:31]} 7. c3 {[%emt 0:00:08]} Be7 {[%emt 0:00:17]} 8. Nf3 {[%emt 0:00:17]} O-O {[%emt 0:00:15]} 9. a3 {[%emt 0:04:42] C11: French: Classical System: 4 e5 and 4 Bg5 dxe4.} a5 {[%emt 0:09:04]} 10. g3 {[%emt 0:02:29]} b5 {[%emt 0:02:05]} 11. Bh3 {[%emt 0:01:43] [#]} Qb6 $146 {[%emt 0:08:57]} ({Predecessor:} 11... Ba6 12. O-O b4 13. Rf2 bxc3 14. bxc3 cxd4 15. cxd4 g6 16. g4 f5 17. gxf5 exf5 {½-½ (52) Quesada Perez,Y (2565)-Csonka,B (2498) Chess.com INT 2021}) 12. O-O {[%emt 0:00:35]} Ba6 {[%emt 0:06:52]} 13. Rf2 {[%emt 0:03:48]} (13. Kh1 $5 {[%cal Rf4f5]}) 13... b4 {[%emt 0:07:38]} 14. f5 {[%emt 0:04:03]} bxc3 {[%emt 0:17:59]} (14... cxd4 $1 $11 {keeps the balance.} 15. cxd4 f6 16. exf6 Nxf6) 15. bxc3 {[%emt 0:01:09]} (15. fxe6 $16 {Nf4 is the strong threat.} cxd4 16. exd7) 15... cxd4 $15 {[%emt 0:00:14]} 16. cxd4 {[%emt 0:01:50]} f6 {[%emt 0:03:49][%cal Rd7e5] aiming for ...Ndxe5!} (16... Ncxe5 $5 17. Nxe5 Nxe5 18. dxe5 Bc5 $11) 17. Nf4 {[%emt 0:14:40]} fxe5 {[%emt 0:07:57]} 18. Nxe6 {[%emt 0:00:11]} e4 {[%emt 0:02:07]} 19. Ne1 {[%emt 0:01:27]} Rf7 {[%emt 0:02:01]} 20. Be3 {[%emt 0:09:30]} Rb8 {[%emt 0:08:19]} 21. Ng2 {[%emt 0:03:37]} Bc4 {[%emt 0:03:14]} 22. Bg4 {[%emt 0:18:58]} Qb3 {[%emt 0:01:10]} (22... Nf8 $15) 23. Bh5 {[%emt 0:04:22]} (23. Bf4 $14) 23... Qxd1+ {[%emt 0:00:31]} 24. Bxd1 {[%emt 0:03:35]} Nf8 {[%emt 0:00:38] Threatens to win with ...Nxe6.} 25. Ba4 {[%emt 0:06:04]} Rb6 {[%emt 0:01:30]} 26. Nc5 {[%emt 0:04:04]} Bf6 {[%emt 0:01:46]} 27. Rd1 {[%emt 0:01:05][%cal Oc5e4]} Rc7 {[%emt 0:05:26] [#]} ({Better is} 27... Be7 $14) 28. Nf4 {[%emt 0:05:25]} (28. Nxe4 $1 $16 dxe4 29. d5) 28... Nxd4 $11 {[%emt 0:02:21]} 29. Nce6 {[%emt 0:01:02]} (29. Nxe4 {looks sharper.} dxe4 30. Bxd4 Bxd4 31. Rxd4 Rb1+ 32. Kg2) 29... Rxe6 {[%emt 0:01:06]} (29... Nfxe6 $2 30. fxe6 Rxe6 31. Bxd4 Bxd4 32. Rxd4 $18 (32. Nxe6 Bxf2+ 33. Kxf2 e3+ 34. Kg1 Rf7 $16)) 30. fxe6 {[%emt 0:04:46]} (30. Bxd4 $11 Bxd4 31. fxe6 Bxf2+ 32. Kxf2) 30... Nfxe6 $15 {[%emt 0:00:54] Pair of Knights!} 31. Nxd5 {[%emt 0:00:43]} Bxd5 {[%emt 0:00:55]} 32. Rxf6 {[%emt 0:00:06][%mdl 64] Remove Defender} gxf6 {[%emt 0:02:07]} 33. Bxd4 {[%emt 0:00:07]} Nxd4 {[%emt 0:01:36]} 34. Rxd4 $11 {[%emt 0:00:04] KRB-KRB} Bb7 {[%emt 0:00:08]} ({Black should play} 34... Bf7 $17) 35. Kf2 {[%emt 0:01:24] The position is equal.} Kf7 {[%emt 0:01:44]} 36. Rd7+ $1 {[%emt 0:00:29]} Rxd7 {[%emt 0:00:05]} 37. Bxd7 {[%emt 0:00:03]} Ke7 {[%emt 0:02:09] Weighted Error Value: White=0.22 (precise) /Black=0.24 (precise)} 1/2-1/2

[Event "AUT Bundesliga 2021-22"]
[Site "Graz"]
[Date "2022.04.21"]
[Round "9.3"]
[White "Donchenko, Alexander"]
[Black "Baenziger, Fabian"]
[Result "1/2-1/2"]
[WhiteElo "2636"]
[BlackElo "2418"]
[Annotator "TA"]
[PlyCount "79"]
[EventDate "2021.01.17"]
[EventType "team-tourn"]
[EventCountry "AUT"]
[SourceTitle "playchess.com"]
[Source "ChessBase"]
[SourceQuality "1"]
[TimeControl "40/5400+30:1800+30"]

{[%evp 11,79,27,33,25,23,13,18,10,13,9,8,7,43,0,4,-20,0,0,8,0,19,0,86,87,100,103,78,96,83,62,114,116,118,120,129,99,105,105,96,87,95,24,24,19,29,0,0,0,0,0,0,0,0,0,0,0,0,0,1,0,0,0,0,0,0,0,0,0,0,0]} 1. d4 {[%emt 0:00:07]} d5 {[%emt 0:00:19]} 2. c4 {[%emt 0:00:09]} c6 {[%emt 0:00:21]} 3. Nf3 {[%emt 0:00:18]} Nf6 {[%emt 0:00:06]} 4. e3 {[%emt 0:00:15]} Bf5 {[%emt 0:00:40]} 5. Nc3 {[%emt 0:00:14]} e6 {[%emt 0:00:05]} 6. Nh4 {[%emt 0:00:12]} Bg6 {[%emt 0:01:10]} 7. Bd2 {[%emt 0:00:23] D12: Slav Defence: 3 Nf3 Nf6 4 e3 Bf5.} Nbd7 {[%emt 0:01:14]} 8. Be2 {[%emt 0:00:31] Prevents Bh5.} Bd6 {[%emt 0:00:28] 8...Be7 is not played anymore.} 9. Qb3 {[%emt 0:00:31]} Rb8 {[%emt 0:02:44]} 10. Nxg6 {[%emt 0:01:38]} hxg6 {[%emt 0:00:19]} 11. h4 {[%emt 0:02:09] [#]} dxc4 $146 {[%emt 0:14:10]} ({Predecessor:} 11... Be7 12. cxd5 cxd5 13. g4 b5 14. a3 Kf8 15. g5 Ne8 16. e4 dxe4 17. Nxe4 Nb6 {½-½ (46) Zemlyanov,S (2378)-Pivinsky,E (2503) ICCF email 2019}) 12. Bxc4 {[%emt 0:09:27]} b5 {[%emt 0:07:13]} 13. Be2 {[%emt 0:02:11]} a6 {[%emt 0:01:18]} 14. Qc2 {[%emt 0:10:02]} c5 {[%emt 0:16:01]} 15. a4 {[%emt 0:02:30][%cal Ra4b5]} cxd4 {[%emt 0:17:51]} 16. exd4 {[%emt 0:00:08][%cal Ra4b5]} Qc7 {[%emt 0:01:49]} (16... bxa4 $11 17. Rxa4 a5) 17. axb5 $16 {[%emt 0:17:15]} axb5 {[%emt 0:00:08] [#] Threatens to win with ...b4.} 18. Qd3 $1 {[%emt 0:01:50]} Bb4 {[%emt 0:09:05]} 19. Nxb5 {[%emt 0:01:19]} Bxd2+ {[%emt 0:00:23]} 20. Qxd2 {[%emt 0:00:23]} Qc6 {[%emt 0:00:05]} (20... Qd8 $14) 21. Qc3 {[%emt 0:06:18]} ({Much weaker is} 21. Qg5 $6 O-O $11) 21... Qxc3+ {[%emt 0:00:19]} (21... Qxg2 $2 {[#]} 22. Bf3 $1 Qxh1+ 23. Bxh1 $18) 22. bxc3 {[%emt 0:00:02]} e5 {[%emt 0:02:29]} 23. Rh3 {[%emt 0:04:06] And now dxe5 would win.} exd4 {[%emt 0:05:30]} 24. cxd4 {[%emt 0:01:45]} O-O {[%emt 0:00:18]} 25. Ra7 {[%emt 0:03:29]} Nb6 {[%emt 0:02:10]} 26. Re3 {[%emt 0:08:56]} (26. Rha3 $16) 26... Nbd5 $11 {[%emt 0:05:13]} 27. Re5 {[%emt 0:00:24]} Rfc8 {[%emt 0:00:42]} 28. Kd2 {[%emt 0:06:00]} Nb4 {[%emt 0:02:05] Pair of Knights! The position is equal.} 29. Rc7 {[%emt 0:15:41] Active counter play!} Rxc7 {[%emt 0:05:47]} 30. Nxc7 {[%emt 0:00:02]} Nc6 {[%emt 0:03:11][%csl LRd4,LRe5]} 31. Rb5 {[%emt 0:00:13]} Rd8 {[%emt 0:00:08]} 32. d5 {[%emt 0:01:08]} Nd4 {[%emt 0:01:21]} 33. Rb4 {[%emt 0:00:10]} Nxe2 {[%emt 0:00:19]} 34. Kxe2 {[%emt 0:00:03][%mdl 4096] Endgame KRN-KRN} Rd7 {[%emt 0:00:28]} 35. Rb8+ {[%emt 0:04:05]} Kh7 {[%emt 0:00:04]} 36. Nb5 {[%emt 0:00:19] Black must now prevent d6.} Rxd5 {[%emt 0:00:59]} 37. Nc3 {[%emt 0:01:04]} Re5+ {[%emt 0:00:49]} 38. Kd3 {[%emt 0:00:11]} g5 {[%emt 0:00:14]} 39. hxg5 {[%emt 0:00:26]} Rxg5 {[%emt 0:00:04]} 40. g3 {[%emt 0:00:00] Weighted Error Value: White=0.11 (very precise) /Black=0.09 (flawless)} 1/2-1/2